[Event "25th TCh-CRO Div 1a 2016"]
[Site "Sibenik CRO"]
[Date "2016.10.09"]
[Round "2.3"]
[White "Banusz,T"]
[Black "Ivanchuk,V"]
[Result "1/2-1/2"]
[WhiteElo "2612"]
[BlackElo "2722"]

1.Nf3 g6 2.d4 Bg7 3.c4 Nf6 4.g3 c5 5.Bg2 O-O 6.O-O cxd4 7.Nxd4 d5 8.cxd5 Nxd5
9.Nb5 Be6 10.Nd4 Bxd4 11.Qxd4 Nc6 12.Qa4 Qb6 13.Nc3 Rfd8 14.Bxd5 Bxd5 15.b3 Nd4
16.Be3 Bc6 17.Qa3 Qc7 18.Bxd4 Rxd4 19.Qc5 Rd6 20.Rfd1 b6 21.Qe3 Re6 22.Qd4 Rc8
23.Rd3 Bb7 24.Rc1 Rc6 25.Qh4 b5 26.b4 a5 27.a3 f6 28.Qh6 axb4 29.axb4 Rc4
30.Qd2 Rxb4 31.Rd1 Rc4 32.Rd7 Qe5 33.Rxb7 Rxc3 34.Qd5+ Qxd5 35.Rxd5 R3c7
36.Rxc7 Rxc7 37.Rxb5  1/2-1/2

[Event "25th TCh-CRO Div 1a 2016"]
[Site "Sibenik CRO"]
[Date "2016.10.10"]
[Round "3.3"]
[White "Ivanchuk,V"]
[Black "Ivanisevic,I"]
[Result "1-0"]
[WhiteElo "2722"]
[BlackElo "2641"]

1.d4 d5 2.c4 e6 3.Nc3 Nf6 4.Bg5 Nbd7 5.e3 h6 6.Bh4 Be7 7.Qc2 c5 8.dxc5 Qa5
9.a3 dxc4 10.Bxc4 Qxc5 11.Be2 O-O 12.Rc1 Ne5 13.Nf3 Bd7 14.Nxe5 Qxe5 15.Bf3 Bc6
16.Bxc6 bxc6 17.O-O Rfd8 18.h3 Qh5 19.Bxf6 Bxf6 20.Ne4 Qf5 21.b4 Bb2 22.Rb1 Be5
23.Rfc1 Rac8 24.Nc5 Bc7 25.Qxf5 exf5 26.Kf1 Bb6 27.Nb3 Rd5 28.a4 a6 29.Rc3 Kf8
30.Rbc1 Rd6 31.b5 axb5 32.axb5 Ke7 33.bxc6 Rd5 34.Ke2 Kd6 35.Rc4 Rc7 36.R1c3 g6
37.Kf3 Rc8 38.Kf4 Rc7 39.h4 Rc8 40.Nd4 Kc7 41.Rb3 Ra8 42.h5 Ra6 43.Rb5 Rd6
44.Re5 Kd8 45.Nb5 Rd2 46.c7+ Bxc7 47.Rxc7 Rxf2+ 48.Kg3 Raa2 49.Rd5+ Ke8 50.Nd6+ Kf8
51.Rxf7+ Kg8 52.Rb5 Rxg2+ 53.Kf4 Ra8 54.Rbb7 gxh5 55.Nxf5 Rg4+ 56.Kf3  1-0

[Event "25th TCh-CRO Div 1a 2016"]
[Site "Sibenik CRO"]
[Date "2016.10.11"]
[Round "4.4"]
[White "Fedorchuk,S"]
[Black "Ivanchuk,V"]
[Result "0-1"]
[WhiteElo "2624"]
[BlackElo "2722"]

1.e4 e5 2.Nf3 Nc6 3.Bc4 Nf6 4.d3 h6 5.O-O d6 6.a4 g6 7.d4 exd4 8.Nxd4 Nxd4
9.Qxd4 Bg7 10.Nc3 O-O 11.Qd3 Re8 12.Ba2 Be6 13.Bxe6 Rxe6 14.f3 c6 15.Bf4 d5
16.exd5 Nxd5 17.Nxd5 cxd5 18.Kh1 Qf6 19.Bd2 Qxb2 20.Rab1 Qa2 21.Rxb7 Rc8
22.Rxa7 Rxc2 23.Bf4 Ree2 24.Qb5 d4 25.Ra8+ Kh7 26.Qb8 g5 27.Qg8+ Kg6 28.Ra6+ f6
29.Qxa2 Rxa2 30.Bg3 h5 31.f4 h4 32.f5+ Kh7 33.Bc7 d3 34.Rd6 h3 35.Rd1 Rad2
36.Ra1 Rc2 37.Rd7 d2  0-1

[Event "25th TCh-CRO Div 1a 2016"]
[Site "Sibenik CRO"]
[Date "2016.10.13"]
[Round "6.5"]
[White "Kozul,Z"]
[Black "Ivanchuk,V"]
[Result "1/2-1/2"]
[WhiteElo "2619"]
[BlackElo "2722"]

1.d4 d6 2.Nf3 g6 3.c4 f5 4.g3 Bg7 5.Bg2 Nf6 6.O-O O-O 7.Nc3 c6 8.Rb1 a5 9.Qb3 Kh8
10.Rd1 Qe8 11.Na4 Ra6 12.c5 Ne4 13.Ng5 d5 14.Nf3 Nd7 15.Bf4 h6 16.Ne5 Nexc5
17.Nxc5 Nxc5 18.dxc5 g5 19.e3 Ra8 20.Re1 e6 21.Rbd1 Bf6 22.Rd4 Rg8 23.Ra4 Qe7
24.Nd3 e5 25.Bxe5 Bxe5 26.Nxe5 Qxe5 27.Rc1 Qc7 28.Qc3+ Kh7 29.Bf1 Rf8 30.Bd3 Kg8
31.h4 Be6 32.Kg2 Qg7 33.Qxg7+ Kxg7 34.Rc3 f4 35.exf4 gxf4 36.gxf4 Kf6 37.Bc2 Rfd8
38.Rd4 Rab8 39.b3 Rg8+ 40.Rg3 b5 41.cxb6 Rxb6 42.Ra4 Rb5 43.f5 Rc5 44.fxe6 Rxg3+
45.fxg3 Rxc2+ 46.Kf3 Kxe6 47.Rxa5 Ke5 48.Ra8 Rc3+ 49.Kg4 h5+ 50.Kxh5 Rxg3
51.b4 d4 52.a4 d3 53.Rd8 Ke4 54.a5 Ke3 55.a6 Rg7 56.Re8+ Kd4 57.Rd8+ Ke3
58.Re8+ Kd4  1/2-1/2

[Event "25th TCh-CRO Div 1a 2016"]
[Site "Sibenik CRO"]
[Date "2016.10.15"]
[Round "8.5"]
[White "Ivanchuk,V"]
[Black "Bekker Jensen,S"]
[Result "1/2-1/2"]
[WhiteElo "2722"]
[BlackElo "2466"]

1.d4 Nf6 2.g3 g6 3.Bg2 Bg7 4.e4 d6 5.Nc3 O-O 6.Nge2 e5 7.h3 Nc6 8.Be3 Re8
9.O-O exd4 10.Nxd4 Bd7 11.Re1 a6 12.a4 Nb4 13.Qd2 c5 14.Nb3 Bc6 15.Rad1 Nd7
16.f4 Qc7 17.Bf2 Nb6 18.Na5 Bxa4 19.Qxd6 Rac8 20.Nxa4 Nxa4 21.Qxc7 Rxc7 22.e5 Nxb2
23.Rb1 b6 24.Rxb2 bxa5 25.Ra1 f6 26.Rxa5 Rec8 27.Be4 fxe5 28.f5 gxf5 29.Bxf5 e4
30.Bxc8 Bxb2 31.Rxc5 Rxc5 32.Bxc5 Nxc2 33.Bxa6 Bd4+ 34.Bxd4 Nxd4 35.Kf2 e3+
36.Kxe3 Nf5+ 37.Kf2 Nxg3 38.Kxg3 h5 39.Kh4 Kh8 40.Kxh5 Kg8 41.h4  1/2-1/2

[Event "25th TCh-CRO Div 1a 2016"]
[Site "Sibenik CRO"]
[Date "2016.10.16"]
[Round "9.2"]
[White "Postny,E"]
[Black "Ivanchuk,V"]
[Result "0-1"]
[WhiteElo "2611"]
[BlackElo "2722"]

1.d4 d5 2.c4 e6 3.Nf3 dxc4 4.e3 c5 5.Bxc4 Nf6 6.O-O Nc6 7.Nc3 a6 8.dxc5 Bxc5
9.Qxd8+ Kxd8 10.a3 Ke7 11.b4 Bd6 12.Bb2 Rd8 13.Rfd1 b5 14.Bd3 Bb7 15.Ne4 Nxe4
16.Bxe4 f5 17.Bxc6 Bxc6 18.Ne5 Bb7 19.Bd4 Rac8 20.Rac1 a5 21.Nd3 Be4 22.Nc5 Bd5
23.f4 Ra8 24.Rd2 axb4 25.axb4 Ra3 26.Kf2 Rda8 27.g3 g6 28.Rcc2 h6 29.h4 Rg8
30.Bb2 Raa8 31.Ke1 Kf7 32.Rh2 Rgc8 33.Bd4 Bxc5 34.Rxc5 Rxc5 35.bxc5 b4 36.Rb2 b3
37.Kd2 Ke7 38.Kc3 Kd7 39.Kb4 Kc6 40.Rd2 Rb8+ 41.Kc3 Kb5 42.Rd1 Ra8 43.Rc1 Ra2
44.c6 Kxc6 45.Kb4+ Kd7 46.Rg1 Re2 47.Ka3 Ra2+ 48.Kb4 Rc2 49.Ka3 Kc6 50.Kb4 Rc4+
51.Ka3 Kb5 52.Ra1 Rc2 53.Bg7 h5 54.Bb2 Rg2 55.Bd4 Rxg3 56.Rc1 Bc4 57.Rh1 Rg2
58.Bb2 Bd5  0-1

[Event "World Blitz 2016"]
[Site "Doha QAT"]
[Date "2016.12.30"]
[Round "20.7"]
[White "Cheparinov,I"]
[Black "Ivanchuk,V"]
[Result "0-1"]
[WhiteElo "2689"]
[BlackElo "2747"]

1.d4 Nf6 2.c4 e6 3.Nf3 Bb4+ 4.Nbd2 a5 5.a3 Bxd2+ 6.Bxd2 d6 7.Qc2 Nc6 8.e4 e5
9.d5 Nb8 10.g3 Nbd7 11.Bg2 Nc5 12.Nh4 a4 13.Rd1 Bg4 14.f3 Bd7 15.O-O g6 16.f4 exf4
17.Bc3 O-O 18.Rxf4 Ng4 19.Qe2 Ne5 20.Nf3 Bg4 21.Rxg4 Nxg4 22.h3 Nf6 23.e5 Nfe4
24.Be1 dxe5 25.Nxe5 Re8 26.Ng4 h5 27.Ne3 Qg5 28.Qf3 Re5 29.h4 Qe7 30.Bb4 Re8
31.Nc2 Nf6 32.Rf1 Rf5 33.Qd1 Rxf1+ 34.Qxf1 Ng4 35.Bf3 b6 36.Kg2 Ne3+ 37.Nxe3 Qxe3
38.Bc3 Nd3 39.d6 cxd6 40.Bd5 Re7 41.Qf3 Ne1+ 42.Bxe1 Qxe1  0-1

[Event "Gibraltar Masters 2017"]
[Site "Caleta ENG"]
[Date "2017.02.02"]
[Round "10.11"]
[White "Deac,Bogdan-Daniel"]
[Black "Ivanchuk,V"]
[Result "1/2-1/2"]
[WhiteElo "2572"]
[BlackElo "2752"]

1.Nf3 Nf6 2.c4 g6 3.Nc3 d5 4.cxd5 Nxd5 5.h4 Nxc3 6.dxc3 Qxd1+ 7.Kxd1 Na6
8.h5 Bg7 9.hxg6 hxg6 10.Rxh8+ Bxh8 11.e4 Nc5 12.Ng5 Bf6 13.f3 Ne6 14.Nh3 Bd7
15.Kc2 a6 16.Be3 Ba4+ 17.b3 Bb5 18.f4 Bc6 19.Bd3 O-O-O 20.Nf2 Bh4 21.Ng4 f6
22.Rh1 Bg3 23.Rf1 Rh8 24.Rf3 Be1 25.Rh3 Rxh3 26.gxh3 Bg3 27.f5 gxf5 28.exf5 Nf4
29.Bxf4 Bxf4 30.Nf2 Bf3 31.Be4 Be2 32.Nd3 Be3 33.Ne1 a5 34.c4 Bh5 35.Kd3 Bc1
36.Bf3 Bf7 37.Bd5 Be8 38.Be6+ Kd8 39.Ke4 Bh5 40.Nd3 Bd2 41.Nf4 Bd1 42.Ng6 b6
43.Kd3 Bc1 44.h4 c6 45.Kc3 Bg4 46.Kd3 Bd1 47.Kc3 Ba3 48.Kd2 Bg4 49.Kd3 Kc7
50.Nf4 Bc1 51.Ke4 Bd1 52.c5 Bc2+ 53.Kf3 bxc5 54.Kg4 Kd6 55.Bc4 Bd2 56.Bd3 Bd1+
57.Be2 Bxe2+ 58.Nxe2 Ke5 59.Ng1 Be3 60.Ne2 Bd2 61.Ng1 Ke4 62.Nf3 Bh6 63.Ne1 Bc1
64.h5 c4 65.bxc4 Kd4 66.c5 Bh6 67.Kf3 Kxc5 68.Ke4 a4 69.Nd3+ Kc4 70.Nb2+ Kb4
71.Kd3 Ka3 72.Kc3 Bg5 73.Kc2 Kb4 74.Kd3 Bh6 75.Kd4 Bg5 76.Nc4 Bf4 77.Ke4 Bg5  1/2-1/2

[Event "Hou-Ivanchuk Match 2017"]
[Site "Shenzhen CHN"]
[Date "2017.04.05"]
[Round "1"]
[White "Ivanchuk,V"]
[Black "Hou Yifan"]
[Result "1/2-1/2"]
[WhiteElo "2732"]
[BlackElo "2649"]

1.e4 e5 2.Nf3 Nc6 3.d4 exd4 4.Nxd4 Nf6 5.Nxc6 bxc6 6.Nd2 d5 7.exd5 cxd5 8.Bb5+ Bd7
9.Bxd7+ Qxd7 10.O-O Be7 11.b3 O-O 12.Bb2 Qf5 13.Nf3 Rfe8 14.Qd3 Qxd3 15.cxd3 Nd7
16.Rac1 Nc5 17.Rfd1 Ne6 18.g3 Rec8 19.Rc6 a5 20.Nd4 Nxd4 21.Bxd4 a4 22.Rdc1 Ba3
23.R1c2 axb3 24.axb3 Rab8 25.Rxc7 Rxc7 26.Rxc7 h6 27.Rd7 Rxb3 28.Rxd5 Rxd3
29.Ra5 Rxd4 30.Rxa3 h5  1/2-1/2

[Event "Hou-Ivanchuk Match 2017"]
[Site "Shenzhen CHN"]
[Date "2017.04.07"]
[Round "3"]
[White "Ivanchuk,V"]
[Black "Hou Yifan"]
[Result "1/2-1/2"]
[WhiteElo "2732"]
[BlackElo "2649"]

1.d4 Nf6 2.c4 e6 3.Nf3 d5 4.g3 Bb4+ 5.Nbd2 dxc4 6.Bg2 O-O 7.O-O b5 8.a4 c6
9.axb5 cxb5 10.Ng5 Nd5 11.e4 Ne7 12.e5 Nd5 13.Nxh7 Kxh7 14.Qh5+ Kg8 15.Ne4 f6
16.Nxf6+ gxf6 17.Qg6+ Kh8 18.Qh5+ Kg8  1/2-1/2

[Event "52nd Capablanca Mem Elite"]
[Site "Matanzas CUB"]
[Date "2017.05.27"]
[Round "1.2"]
[White "Cordova,E"]
[Black "Ivanchuk,V"]
[Result "1/2-1/2"]
[WhiteElo "2645"]
[BlackElo "2738"]

1.Nf3 b6 2.g3 Bb7 3.Bg2 c5 4.O-O g6 5.c4 Bg7 6.Nc3 d6 7.Re1 Nf6 8.e4 Nc6
9.d4 Nxd4 10.Nxd4 cxd4 11.Qxd4 O-O 12.Qd3 Nd7 13.Bd2 a6 14.a4 Qc7 15.b3 e6
16.Rad1 Rac8 17.Bf4 Rfd8 18.Qxd6 Qxd6 19.Rxd6 Nc5 20.Rxd8+ Rxd8 21.e5 Bxg2
22.Kxg2 Rd3  1/2-1/2

[Event "52nd Capablanca Mem Elite"]
[Site "Matanzas CUB"]
[Date "2017.05.28"]
[Round "2.2"]
[White "Ivanchuk,V"]
[Black "Sasikiran,K"]
[Result "1/2-1/2"]
[WhiteElo "2738"]
[BlackElo "2669"]

1.d4 d5 2.c4 c6 3.Nc3 Nf6 4.e3 e6 5.Bd2 g6 6.Bd3 Bg7 7.Nf3 Nbd7 8.O-O O-O
9.Qc2 Re8 10.Rfe1 a6 11.Rad1 b5 12.cxd5 exd5 13.e4 b4 14.e5 bxc3 15.exf6  1/2-1/2

[Event "52nd Capablanca Mem Elite"]
[Site "Matanzas CUB"]
[Date "2017.05.29"]
[Round "3.3"]
[White "Piorun,K"]
[Black "Ivanchuk,V"]
[Result "1/2-1/2"]
[WhiteElo "2638"]
[BlackElo "2738"]

1.c4 c6 2.Nf3 d5 3.g3 g6 4.d4 Bg7 5.Bg2 Nf6 6.cxd5 cxd5 7.Ne5 O-O 8.O-O Ne4
9.Nc3 Nxc3 10.bxc3 Nc6 11.Nxc6 bxc6 12.Qa4 Qb6 13.Ba3 Qa6 14.Qxa6 Bxa6 15.Rfe1 Rfe8
16.Bc5 e6 17.e3 Bf8 18.Bxf8 Kxf8 19.Bf1 Bxf1 20.Kxf1 Reb8 21.Reb1 Rb6 22.Rb3 Rab8
23.Rab1 f6 24.Ke2 Ke7 25.Kd3 Kd6 26.f3 c5 27.c4 Rxb3+ 28.Rxb3 Rxb3+ 29.axb3 a5
30.Kc3 Kc6 31.cxd5+ Kxd5 32.e4+ Kc6 33.f4 cxd4+ 34.Kxd4 Kb5 35.Kc3 Kc5 36.h3 Kb5
37.g4 Kc5 38.g5 fxg5 39.fxg5 Kb5 40.Kd3 Kc5 41.Kc3 Kb5  1/2-1/2

[Event "52nd Capablanca Mem Elite"]
[Site "Matanzas CUB"]
[Date "2017.05.30"]
[Round "4.2"]
[White "Ortiz Suarez,I"]
[Black "Ivanchuk,V"]
[Result "0-1"]
[WhiteElo "2570"]
[BlackElo "2738"]

1.Nf3 d6 2.e4 Nf6 3.Nc3 c5 4.d4 cxd4 5.Nxd4 Nc6 6.Bg5 e6 7.Qd2 a6 8.O-O-O Be7
9.f4 Nxd4 10.Qxd4 b5 11.Bxf6 gxf6 12.Be2 Rb8 13.Bf3 Qc7 14.Kb1 a5 15.Qd2 b4
16.Ne2 h5 17.h4 a4 18.Rc1 Bd7 19.c4 Qc5 20.Ng3 Rg8 21.Nxh5 f5 22.Qe2 b3 23.a3 Bc6
24.e5 Bxf3 25.gxf3 Rh8 26.Nf6+ Bxf6 27.exf6 Kd7 28.h5 Rbg8 29.Qd2 Rg3 30.h6 Rh7
31.Rc3 Kc7 32.Rcc1 Rg6 33.Rh5 Rgxh6 34.Rxh6 Rxh6 35.Qg2 Qe3 36.c5 dxc5 37.Rd1 Rh8
38.Qg7 Qd3+  0-1

[Event "52nd Capablanca Mem Elite"]
[Site "Matanzas CUB"]
[Date "2017.05.31"]
[Round "5.3"]
[White "Ivanchuk,V"]
[Black "Shankland,S"]
[Result "1-0"]
[WhiteElo "2738"]
[BlackElo "2676"]

1.d4 Nf6 2.c4 e6 3.Nf3 b6 4.g3 Bb4+ 5.Bd2 Be7 6.Nc3 Bb7 7.Qc2 O-O 8.Bg2 Nc6
9.O-O d5 10.cxd5 Nb4 11.Qa4 Nbxd5 12.Rfd1 Qe8 13.Qxe8 Rfxe8 14.Ne5 c5 15.dxc5 Bxc5
16.Rac1 Rac8 17.Nb5 a6 18.Rxc5 Rxc5 19.Nd6 Rb8 20.Nexf7 Ba8 21.e4 Nc7 22.f3 Rf8
23.Be3 Rc2 24.Ne5 Rd8 25.Bf1 Nfe8 26.Bd3 Rxb2 27.Ndc4 Rxa2 28.Bxb6 Ra4 29.Rc1 Rb4
30.Kf2 Rb5 31.Bf1 Rb8 32.Nd7 Rd8 33.Nce5 Rb2+ 34.Kg1 Bb7 35.Bxc7 Rc8 36.Nd3 Rd2
37.Bf4 Rxc1 38.Bxd2 Rd1 39.Bb4 Bc6 40.N7e5 Bb5 41.Kf2 Nf6 42.h4 h6 43.Bc3 Nh5
44.Be2 Rb1 45.g4 Nf6 46.Ke3 Rh1 47.h5 Nh7 48.f4 Nf6 49.Bf3 Rb1 50.Nc5  1-0

[Event "52nd Capablanca Mem Elite"]
[Site "Matanzas CUB"]
[Date "2017.06.02"]
[Round "6.2"]
[White "Ivanchuk,V"]
[Black "Cordova,E"]
[Result "1/2-1/2"]
[WhiteElo "2738"]
[BlackElo "2645"]

1.e4 e6 2.d4 d5 3.Nc3 Nf6 4.e5 Nfd7 5.f4 c5 6.Nf3 Be7 7.Be3 O-O 8.Qd2 b6
9.h4 Nc6 10.h5 f6 11.h6 g6 12.dxc5 Bxc5 13.Bxc5 bxc5 14.Nxd5 fxe5 15.O-O-O Nd4
16.Nc3 Bb7 17.Nxe5 Nxe5 18.fxe5 Qe7 19.Bd3 Rad8 20.Kb1 Nf5 21.b3 c4 22.bxc4 Bxg2
23.Rhg1 Bc6 24.Nb5 Qc5 25.Qa5 Bxb5 26.Bxf5 exf5 27.cxb5 Rb8 28.a4 a6 29.Qxa6 Qb4+
30.Kc1 Qa3+ 31.Kb1 Qb4+  1/2-1/2

[Event "52nd Capablanca Mem Elite"]
[Site "Matanzas CUB"]
[Date "2017.06.03"]
[Round "7.3"]
[White "Sasikiran,K"]
[Black "Ivanchuk,V"]
[Result "1/2-1/2"]
[WhiteElo "2669"]
[BlackElo "2738"]

1.e4 e5 2.Nf3 Nf6 3.Nxe5 d6 4.Nf3 Nxe4 5.Nc3 Nxc3 6.dxc3 Be7 7.Be3 O-O 8.Qd2 Nc6
9.O-O-O Ne5 10.Nxe5 dxe5 11.Bd3 Be6 12.Kb1 Qe8 13.Qe2 f5 14.f3 Qf7 15.b3 Bd6
16.Rhf1 Kh8 17.Bc1 b6 18.h4 Qh5 19.Qe1 Bd7 20.Bb2 Rae8 21.Be2 Bc6 22.c4 h6
23.g3 Qg6 24.f4 Re7 25.fxe5 Bxe5 26.Bxe5 Rxe5 27.Qf2 Rfe8 28.Bd3 Be4 29.Qf4 Bxd3
30.Rxd3 Qf6 31.Rfd1 R8e7 32.Qd4 Kh7 33.a4 Qe6 34.Kb2 Re4 35.Qc3 Qe5 36.c5 bxc5
37.Rd5 Qxc3+ 38.Kxc3 f4  1/2-1/2

[Event "52nd Capablanca Mem Elite"]
[Site "Matanzas CUB"]
[Date "2017.06.05"]
[Round "9.1"]
[White "Ivanchuk,V"]
[Black "Ortiz Suarez,I"]
[Result "1-0"]
[WhiteElo "2738"]
[BlackElo "2570"]

1.d4 d5 2.c4 c6 3.Nf3 Nf6 4.e3 Bf5 5.Nc3 e6 6.Nh4 Bg6 7.Nxg6 hxg6 8.a3 Nbd7
9.g3 Bd6 10.Bd2 O-O 11.Qc2 Qe7 12.cxd5 exd5 13.f3 c5 14.Kf2 a6 15.Bh3 b5
16.Rac1 cxd4 17.exd4 Nb6 18.Rhe1 Qa7 19.Rcd1 Rfe8 20.Bc1 Nc4 21.Rxe8+ Rxe8
22.a4 Qb7 23.axb5 axb5 24.b3 Na5 25.Bb2 b4 26.Na4 Qe7 27.Bc1 Nh7 28.Nb6 Qb7
29.Nd7 Qa7 30.Be3 Nf8 31.Ne5 Qe7 32.f4 f6 33.Bg2 fxe5 34.Bxd5+ Kh8 35.dxe5 Bb8
36.Qc5 Qd8 37.Bf7 Qxd1 38.Bxe8 Kh7 39.Qxf8 Qc2+ 40.Kf3 Qd1+ 41.Kg2 Qd5+ 42.Kh3 Qe6+
43.g4  1-0

[Event "Cez Trophy 2017"]
[Site "Prague CZE"]
[Date "2017.06.15"]
[Round "1"]
[White "Navara,D"]
[Black "Ivanchuk,V"]
[Result "1/2-1/2"]
[WhiteElo "2737"]
[BlackElo "2738"]

1.d4 d5 2.c4 c6 3.Nf3 Nf6 4.e3 a6 5.Nc3 g6 6.Be2 Bg7 7.O-O O-O 8.b3 Bg4 9.h3 Bxf3
10.Bxf3 e6 11.Bb2 Nbd7 12.Qc2 Qe7 13.a4 Rfd8 14.Ba3 Qe8 15.Rfd1 Bf8 16.Bb2 a5
17.Rab1 Bd6 18.e4 dxe4 19.Nxe4 Nxe4 20.Bxe4 Qe7 21.Bf3 Rac8 22.Qd2 Bb4 23.Qe3 Qd6
24.Bg4 Nf6 25.Be2 Re8 26.Rd3 Rcd8 27.Rbd1 Qe7 28.Bf3 Nd7 29.d5 exd5 30.cxd5 Qxe3
31.Rxe3 Rxe3 32.fxe3 Nc5 33.Bf6 Rd7 34.e4 h5 35.g4 cxd5 36.exd5 Nxb3 37.gxh5 Nd2
38.Bg4 Rd6 39.Bb2 gxh5 40.Bxh5 Rxd5 41.Be2 Rc5 42.Rc1 Ne4 43.Rxc5 Nxc5 44.Bb5 Ne6
45.Kg2 Bc5 46.Kf3 Nd4+ 47.Bxd4 Bxd4 48.Ke4  1/2-1/2

[Event "Cez Trophy 2017"]
[Site "Prague CZE"]
[Date "2017.06.15"]
[Round "2"]
[White "Ivanchuk,V"]
[Black "Navara,D"]
[Result "1-0"]
[WhiteElo "2738"]
[BlackElo "2737"]

1.e4 c5 2.Nf3 d6 3.d4 cxd4 4.Nxd4 Nf6 5.Nc3 a6 6.Be3 Ng4 7.Bc1 Nc6 8.Be2 Nf6
9.Be3 e6 10.g4 d5 11.exd5 Nxd5 12.Nxd5 Qxd5 13.O-O Bd7 14.Bf3 Qc4 15.c3 Rc8
16.Qb3 Nxd4 17.Bxd4 Qxb3 18.axb3 Bc6 19.Bxc6+ Rxc6 20.b4 f6 21.b5 axb5 22.Ra8+ Kf7
23.Rb8 b4 24.cxb4 Rc4 25.Bc3 Rxg4+ 26.Kh1 b5 27.Ra1 Rg8 28.Ra7+ Kg6 29.Raa8 Kf7
30.Rb7+ Kg6 31.Rxb5 Rh4 32.Rbb8 Kf7 33.Kg1 Rg4+ 34.Kf1 Rh4 35.b5 Rxh2 36.b6 Rh5
37.Rb7+ Kg6 38.Bb4 Bxb4 39.Rxg8 Rb5 40.Rbxg7+ Kf5 41.b7 Bd6 42.Rd8 Bf4 43.Rxh7 Rxb2
44.Rd4 e5 45.Rd5 Ke6 46.Rdd7 e4 47.Rhe7+ Kf5 48.Rd5+ Kg4 49.Kg2 e3 50.Rg7+ Bg5
51.Rd8 e2 52.Re8 Kf4 53.Rxe2  1-0

[Event "Cez Trophy 2017"]
[Site "Prague CZE"]
[Date "2017.06.15"]
[Round "3"]
[White "Navara,D"]
[Black "Ivanchuk,V"]
[Result "1/2-1/2"]
[WhiteElo "2737"]
[BlackElo "2738"]

1.e4 e5 2.Nf3 Nc6 3.Bb5 Nf6 4.d3 d6 5.O-O Be7 6.c3 a6 7.Ba4 O-O 8.Nbd2 Nd7
9.d4 Bf6 10.Bxc6 bxc6 11.Nc4 exd4 12.cxd4 a5 13.Re1 Nb6 14.Qc2 Nxc4 15.Qxc4 Bd7
16.Bf4 Re8 17.e5 Be7 18.Rac1 h6 19.h3 Bf8 20.Re3 a4 21.Qc3 Rb8 22.Bg3 Qc8
23.Ne1 Rb6 24.Nd3 Be6 25.exd6 cxd6 26.Rce1 Rd8 27.a3 Rb3 28.Qd2 Bc4 29.Qc2 Bxd3
30.Rxd3 Qf5 31.Rc3 Qxc2 32.Rxc2 Rdb8 33.Rxc6 Rxb2 34.Bxd6 Bxd6 35.Rxd6 Ra2
36.Rd7 Rxa3 37.Ree7 Rf8 38.Ra7 Ra1+ 39.Kh2 a3 40.Re3 Rd1 41.Rexa3 Rxd4 42.Ra8  1/2-1/2

[Event "Cez Trophy 2017"]
[Site "Prague CZE"]
[Date "2017.06.15"]
[Round "4"]
[White "Ivanchuk,V"]
[Black "Navara,D"]
[Result "1/2-1/2"]
[WhiteElo "2738"]
[BlackElo "2737"]

1.e4 c6 2.d4 d5 3.Nd2 dxe4 4.Nxe4 Bf5 5.Nc5 e5 6.Nxb7 Qb6 7.Nc5 Bxc5 8.dxc5 Qxc5
9.c3 Nf6 10.Be3 Qe7 11.Ne2 O-O 12.Ng3 Rd8 13.Qc1 Bg6 14.Bc4 Nbd7 15.O-O Nb6
16.Bb3 Nfd5 17.Re1 c5 18.Bd2 a5 19.Bc2 Nc4 20.Bxg6 hxg6 21.Bg5 f6 22.b3 Nd6
23.Be3 Nf5 24.Bd2 Qb7 25.Qc2 Nde7 26.Rad1 a4 27.Ne4 axb3 28.Qxb3+ Qxb3 29.axb3 c4
30.bxc4 Nd6 31.Nxd6 Rxd6 32.Be3 Rc6 33.c5 Nf5 34.g3 g5 35.Rd5 Ra4 36.Bd2 Rc4
37.h3 Kf7 38.Rd1 Ke6 39.Be1 g4 40.hxg4 Rxg4 41.f3 Rc4 42.g4 Ne7 43.Rd6+ Kf7
44.Rxc6 Nxc6 45.Rd7+ Kg6 46.Rd5 Na5 47.Bd2 Nb3 48.Be3 Rxc3 49.Kf2 Rc2+ 50.Ke1 Rc3
51.Ke2 Kf7 52.Rd7+ Ke6 53.Rxg7 Nxc5 54.g5 fxg5  1/2-1/2

[Event "Cez Trophy 2017"]
[Site "Prague CZE"]
[Date "2017.06.16"]
[Round "5"]
[White "Navara,D"]
[Black "Ivanchuk,V"]
[Result "1/2-1/2"]
[WhiteElo "2737"]
[BlackElo "2738"]

1.Nf3 Nf6 2.c4 c6 3.Nc3 d5 4.e3 g6 5.d4 Bg7 6.Be2 O-O 7.O-O a6 8.h3 b5 9.b3 Bb7
10.Bb2 Nbd7 11.Rc1 Rc8 12.Qd3 dxc4 13.bxc4 b4 14.Na4 c5 15.a3 a5 16.axb4 axb4
17.dxc5 Ra8 18.Qb3 Bc6 19.Nb6 Nxb6 20.cxb6 Qxb6 21.Bd4 Qb7 22.Rb1 Rfb8 23.Be5 Ne4
24.Bxb8 Nc3 25.Qxb4 Nxe2+ 26.Kh1 Rxb8 27.Qxb7 Rxb7 28.Rxb7 Bxb7 29.Rb1 Bxf3
30.Rb8+ Bf8 31.gxf3 Nc3 32.c5 Nd5 33.e4 Nc7 34.Rb7 Ne6 35.c6 Bh6 36.c7 Nxc7
37.Rxc7 e6 38.Kg2 Bf4 39.Rd7 h5 40.Kf1 h4 41.Ke2 Kf8 42.Kd3 g5 43.Kd4 Bh2
44.e5 Bf4 45.Ke4 Ke8 46.Rd1 Ke7 47.Rg1 Kd7 48.Rg4 Kc6 49.Rg1 Kd7 50.Rg4 Kc6
51.Rxh4 gxh4 52.Kxf4 Kd5 53.Kg4 Kxe5 54.Kg5 f5 55.Kxh4 Kf4 56.Kh5 Kxf3 57.Kg5 Kxf2
58.Kf4 e5+ 59.Kxf5 Kg3 60.Kxe5 Kxh3 61.Ke4  1/2-1/2

[Event "Cez Trophy 2017"]
[Site "Prague CZE"]
[Date "2017.06.16"]
[Round "8"]
[White "Ivanchuk,V"]
[Black "Navara,D"]
[Result "1-0"]
[WhiteElo "2738"]
[BlackElo "2737"]

1.e4 e5 2.Nf3 Nc6 3.Bb5 Nf6 4.d3 Bc5 5.Nbd2 Nd4 6.Nxd4 Bxd4 7.Nf3 Bb6 8.O-O c6
9.Ba4 d6 10.c3 Bg4 11.h3 Bh5 12.g4 Bg6 13.Nh4 Nxe4 14.Nxg6 hxg6 15.dxe4 Rxh3
16.g5 Rg3+ 17.Kh2 Rxg5 18.Bxg5 Qxg5 19.Qf3 O-O-O 20.Qg3 Qd2 21.Kg2 Qxb2 22.Bb3 Rf8
23.Rad1 Bc5 24.Rd3 Kb8 25.Rf3 Qe2 26.Bxf7 Qxe4 27.Bxg6 Qd5 28.c4 Qg8 29.Rxf8+ Qxf8
30.Qg5 a6 31.f3 Qg8 32.Qg4 Qd8 33.Re1 Qa5 34.Re2 Qc3 35.Qe4 Qc1 36.Qb1 Qxc4
37.Rb2 Ka8 38.Qf5 Ka7 39.Qf7 Qxf7 40.Bxf7 Be3 41.Be8 c5 42.a4 c4 43.Rc2 d5
44.Bf7 b5 45.Bxd5 Kb6 46.Kf1 Kc5 47.Bf7 g5 48.Ke2 Bd4 49.axb5 axb5 50.Ra2 e4
51.fxe4 g4 52.Ra8 g3 53.Kf3 Be5 54.Re8 Bc7 55.e5 b4 56.Rc8 Kb6 57.Rxc7 Kxc7
58.Bxc4  1-0

[Event "Cez Trophy 2017"]
[Site "Prague CZE"]
[Date "2017.06.17"]
[Round "10"]
[White "Ivanchuk,V"]
[Black "Navara,D"]
[Result "1/2-1/2"]
[WhiteElo "2738"]
[BlackElo "2737"]

1.e4 c5 2.Nf3 d6 3.d4 cxd4 4.Nxd4 Nf6 5.Nc3 a6 6.Be3 Ng4 7.Bc1 Nc6 8.Be2 Nf6
9.Be3 e6 10.g4 d5 11.exd5 Nxd5 12.Nxd5 Qxd5 13.Rg1 Bd7 14.c3 Bd6 15.Nf5 Be5
16.Qxd5 exd5 17.f4 Bxf5 18.gxf5 Bf6 19.O-O-O O-O-O 20.Bb6 Rd7 21.Bf3 Ne7
22.Rd3 Nxf5 23.Rxd5 Rxd5 24.Bxd5 Bd8 25.Bxd8 Rxd8 26.Bxf7 Rd6 27.Bg8 Rh6
28.Rg5 g6 29.Be6+ Kc7 30.Bxf5 gxf5 31.Rxf5 Rxh2 32.Rf7+ Kc6 33.f5 h5 34.f6 h4
35.Rh7 Rf2 36.Rxh4 Rxf6 37.Kc2 Rf2+ 38.Kb3 b6 39.a4 a5 40.Rh5 Kb7 41.Rg5  1/2-1/2

[Event "Cez Trophy 2017"]
[Site "Prague CZE"]
[Date "2017.06.17"]
[Round "11"]
[White "Navara,D"]
[Black "Ivanchuk,V"]
[Result "1/2-1/2"]
[WhiteElo "2737"]
[BlackElo "2738"]

1.e4 e5 2.Nf3 Nc6 3.Bb5 Nf6 4.d3 Bc5 5.Bxc6 dxc6 6.Nbd2 Nd7 7.Qe2 f6 8.Nc4 Nb6
9.Na5 Bb4+ 10.Bd2 Bxa5 11.Bxa5 c5 12.Nh4 O-O 13.O-O Be6 14.b3 Nc8 15.g3 Bh3
16.Ng2 Ne7 17.Bc3 Nc6 18.f4 Qd7 19.Rf2 Nd4 20.Bxd4 cxd4 21.f5 Bxg2 22.Rxg2 h6
23.h4 Kf7 24.g4 Rh8 25.Kf2 Ke7 26.Rag1 Kd6 27.Qd2 c5 28.Qa5 b6 29.Qa6 Rh7
30.a4 Qc8 31.Qb5 Qe8 32.g5 hxg5 33.hxg5 Qxb5 34.axb5 a6 35.gxf6 gxf6 36.Rg6 Rf7
37.Ra1 a5 38.Rh1 a4 39.bxa4 Rxa4 40.Rhh6 Ke7 41.Rg8 Ra2 42.Rb8 c4 43.Ke1 Rxc2
44.dxc4 Kd6 45.Rc8 Rg7 46.Kf1 Rgg2 47.Rc6+ Kd7 48.Rh7+ Kd8 49.Rh8+ Kd7 50.Rh7+ Kd8
51.Rd6+ Ke8 52.Rxb6 Rcf2+ 53.Ke1 Re2+ 54.Kf1 Ref2+ 55.Ke1  1/2-1/2

[Event "Cez Trophy 2017"]
[Site "Prague CZE"]
[Date "2017.06.17"]
[Round "12"]
[White "Ivanchuk,V"]
[Black "Navara,D"]
[Result "1/2-1/2"]
[WhiteElo "2738"]
[BlackElo "2737"]

1.e4 c6 2.d4 d5 3.f3 Qb6 4.Nc3 dxe4 5.Nxe4 Bf5 6.c3 Nd7 7.Bd3 Bg6 8.Ne2 Ngf6
9.Qb3 O-O-O 10.Bg5 Nxe4 11.Bxe4 Bxe4 12.fxe4 f6 13.Be3 e5 14.Ng3 exd4 15.cxd4 Bd6
16.Kf2 Rhe8 17.Qc2 g6 18.Rac1 f5 19.d5 c5 20.exf5 Nf6 21.Bxc5 Ng4+ 22.Kf1 Bxc5
23.Qxc5+ Kb8 24.Qxb6 axb6 25.h3 Ne3+ 26.Kf2 Rxd5 27.Rhe1 Rd2+ 28.Kf3 Rd3
29.Kf2 Rd2+ 30.Kf3 Rd3  1/2-1/2

[Event "GCT Blitz YourNextMove"]
[Site "Leuven BEL"]
[Date "2017.07.01"]
[Round "2.1"]
[White "Aronian,L"]
[Black "Ivanchuk,V"]
[Result "1-0"]
[WhiteElo "2793"]
[BlackElo "2738"]

1.c4 e5 2.Nc3 Nc6 3.Nf3 f5 4.g3 d6 5.d4 e4 6.d5 Ne5 7.Nxe5 dxe5 8.g4 g6 9.gxf5 gxf5
10.Rg1 Nf6 11.Bg5 Be7 12.e3 Rg8 13.Rg3 Rg6 14.Be2 Qd6 15.Bh5 Kf7 16.Bxf6 Bxf6
17.Qb3 b6 18.O-O-O Bd7 19.Rdg1 Rg8 20.Qd1 Be8 21.Bxg6+ hxg6 22.Rh3 Ke7 23.Rh7+ Kd8
24.Nb5 Bxb5 25.cxb5 Kc8 26.Qc2 Bd8 27.Qc6  1-0

[Event "TCh-TUR Super League 2017"]
[Site "Kocaeli TUR"]
[Date "2017.07.28"]
[Round "3.1"]
[White "Ivanchuk,V"]
[Black "Kravtsiv,M"]
[Result "1/2-1/2"]
[WhiteElo "2729"]
[BlackElo "2657"]

1.c4 e6 2.Nc3 d5 3.d4 Nf6 4.Bg5 Be7 5.e3 h6 6.Bh4 O-O 7.Rc1 dxc4 8.Bxc4 c5
9.dxc5 Qxd1+ 10.Kxd1 Nbd7 11.Nf3 Nxc5 12.Ke2 a6 13.Ne5 Re8 14.b4 Ncd7 15.Nd3 b6
16.f3 Bb7 17.Bb3 Rec8 18.Rhd1 Rc6 19.Na4 Rac8 20.Rxc6 Rxc6 21.e4 Kf8 22.Bf2 Ne8
23.Kd2 Nd6 24.Rc1 Bg5+ 25.Be3 Bxe3+ 26.Kxe3 Rxc1 27.Nxc1 Ke7 28.Ne2 Nb5 29.Nac3 Nxc3
30.Nxc3 Ne5 31.h3 Kd6 32.f4 Nc6 33.a3 f6 34.Na4 b5 35.Nc5  1/2-1/2

[Event "TCh-TUR Super League 2017"]
[Site "Kocaeli TUR"]
[Date "2017.07.30"]
[Round "5.2"]
[White "Mamedov,Rau"]
[Black "Ivanchuk,V"]
[Result "1/2-1/2"]
[WhiteElo "2680"]
[BlackElo "2729"]

1.e4 c5 2.Nf3 d6 3.Bb5+ Bd7 4.Bxd7+ Nxd7 5.O-O Ngf6 6.Qe2 Rc8 7.c3 e6 8.d4 cxd4
9.cxd4 d5 10.e5 Ne4 11.Be3 Nb6 12.Ne1 f5 13.f3 Ng5 14.b3 Nf7 15.Nd3 Nd7 16.Nd2 Be7
17.Rac1 O-O 18.Rxc8 Qxc8 19.Rc1 Qb8 20.Nf4 Re8 21.g4 fxg4 22.fxg4 Bg5 23.Nd3 Bxe3+
24.Qxe3 Nd8 25.Nf4 Nc6 26.Nf3 Qd8 27.Rf1 Qe7 28.h4 Nf8 29.Rf2 Rc8 30.Kg2  1/2-1/2